Statistics for U.S. State Superlatives #2

Click here to take the quiz!

General Stats

  • This quiz has been taken 27,245 times
    (15,478 since last reset)
  • The average score is 13 of 20

Answer Stats

CategoryState% Correct
Shortest nameIowa | Ohio | Utah
99%
Most recent date of statehoodHawaii | Alaska
88%
Highest average elevationColorado | Wyoming
87%
Lowest populationWyoming | Vermont
87%
Highest % HispanicNew Mexico | Texas
85%
Highest capital city populationArizona | Texas
79%
Highest Amish populationPennsylvania | Ohio
78%
Highest % African-American
Mississippi | Louisiana
75%
Most other states borderedMissouri | Tennessee
68%
Lowest average elevationDelaware | Florida
65%
Lowest capital city populationVermont | South Dakota
63%
Highest maize productionIowa | Illinois
59%
Most tornadoes per square mile
1961–1990 [source]
Oklahoma | Iowa
59%
Lowest rate of obesity
(CDC, 2018)
Colorado | Hawaii
58%
Highest milk productionCalifornia | Wisconsin
56%
Highest % of land owned by the
federal government
Nevada | Utah
54%
Highest coal productionWyoming | West Virginia
53%
Highest % of workers in the
manufacturing sector
Indiana | Michigan
46%
Greatest population loss
since peak
New York | Illinois
46%
Highest population growth
since 1960
Nevada | Arizona
40%

Score Distribution

Percentile by Number Answered

Percent of People with Each Score

Your Score History

You have not taken this quiz since the last reset